Welcome to the Holygrace Academy Library

Please use search bar below to get started

GARNATT VALA (Record no. 4941)

MARC details
000 -LEADER
fixed length control field 00355nam a22001457a 4500
020 ## - INTERNATIONAL STANDARD BOOK NUMBER
ISBN 5-05-002180-4
082 ## - DEWEY DECIMAL CLASSIFICATION NUMBER
Classification number 894.812.3
Item number KUP/G
100 ## - MAIN ENTRY--AUTHOR NAME
Personal name KAPREEN, ALEXANDER
245 ## - TITLE STATEMENT
Title GARNATT VALA
Remainder of title NOVALUKALUM KATHAKALUM
260 ## - PUBLICATION, DISTRIBUTION, ETC. (IMPRINT)
Place of publication THIRUVANANTHAPURAM
Name of publisher RADHUGA PUBLISHERS MOSCO
Year of publication 2013
300 ## - PHYSICAL DESCRIPTION
Number of Pages 342
520 ## - SUMMARY, ETC.
Summary, etc NOVEL
650 ## - SUBJECT ADDED ENTRY--TOPICAL TERM
Topical Term NOVEL
942 ## - ADDED ENTRY ELEMENTS (KOHA)
Koha item type Books
Holdings
Withdrawn status Lost status Collection code Home library Current library Shelving location Date acquired Source of acquisition Full call number Accession Number Koha item type
    Fiction Main Library Main Library SHELF-16- J- MALAYALAM NOVELS,FICTIONS 12/01/2005 Purchase 894.812.3 KUP/G 02013 Books